00523nam a2200193 a 4500001001300000003000900013005001700022008004100039020001000080082001600090100002300106245005200129260004200181300000900223500003500232505001700267650002200284700002300306nice12345678IN_TiNIC20260116013240.0050524s1986 dela grp 000 0 eng  ac15000a954.84bPRA aPrasad, Dharmendra aSocial and Cultural Geography of Hyderabad City aDelhibInter-India Publicationsc1986 a212p aincludes index and biblioraphy2 aBibliography aHyderabad-History1 aPrasad, Dharmendra